01306nam a22003017a 4500003000400000005001700004008004100021010001900062024001800081035001900099040001300118082001500131245009300146260003500239300006100274440003500335500007600370500012000446500002600566538021100592538012700803650001900930700000900949700000900958700001200967700001300979700001200992dpl20080911114410.0080911t xxu||||| |||| 00| 0 eng d aDVD-000645-647 2A5032c599.00 aDVD-000645-647 aDPLcDPL aDVD / WITC aWitch :cWalt Disney Home Entertainmenth[videorecording] (DVD) /bThe Second Collection bWalt Disney Home Entertainment a1 videodiscs (1:26:52 min.):bsd., col.;c4 3/4 in.fDVD aWalt Disney Home Entertainment aSole Distributor in India M/s Excel Productions Audio Visuals Pvt. Ltd. aMeet W.i.t.c.h, five ordinary girls with extraordinary superpowers, and discover the magic and power of friendship. aConjure Up More Fun,  aDolby Digital 2.0-English,Japanese,Mandarin, Korean, Spanish, Portuguese Subtitles- English, Japanese, Trad Chienese, Korean, Spanish, Portguese Subtitles -English, Chinese, Korean, Bahasa aAspect Ratio:1.33.1, Presentation Type: Pan & Scan, Presentation Size 4x3, Formation: DVD 9- Dual Layer Single sided Disc, 2Animated Movie aWill aIrma aTaranee aCornelia aHay Lin